000 01046nam a2200229 a 4500
001 000174896
003 AM-YeHGA
005 20250618071339.0
008 950720s1983 unra|||gr|||||||||0|rus|d
040 _aAM-YeHGA
041 0 _arus
100 1 _aФедорончук, Николай Михайлович
245 1 0 _aСистематика, география и филогения родов триния, румия и ледебуриелла /
_cН.М. Федорончук ; Отв. ред. А.Л. Тахтаджян.
260 _aКиев :
_bНаукова думка,
_c1983.
300 _a173 с. :
_bил., карт., 12 л. ил.
_c20 см.
_b
500 _aВ надзаг.: АН УССР, Ин-т ботаники им. Н. Г. Холодного
650 1 4 _aЗонтичные
700 1 _aԹախտաջյան, Արմեն Լևոնի,
_d1910-2009
_eред.
_4edt
_93348
710 2 _aИнститут ботаники им. Н.Г. Холодного АН Украинской ССР
942 _2udc
_cBK
090 _c61031
999 _c60044
_d60044